000 00476nam a22001697a 4500
005 20251108164322.0
008 250721s1987 xx 000 0 ara d
082 1 4 _a355.4307/يوس
100 1 _aكعوش، يوسف
245 1 0 _aمجابهة القدرة النووية الإسرائيلية /
264 1 _aعمان :
_bالمؤلف،
_c1987.
300 _a96ص
650 1 7 _aالحرب النووية
650 1 7 _aإسرائيل
942 _2ddc
_cBK
999 _c9216
_d9216